000 02137cam a2200625 4500
001 22648
003 SK-KTurca
005 20260410182002.0
008 200103s2020 xo a gr 000 1aslo
015 _aSNBA2022/03
020 _a9788081821417
_q(viazané)
040 _aSNK
_cslo
_cSNK
_erda
041 1 _aslo
_heng
043 _aa-cc---
_aa-np---
044 _axo
_cSK
072 7 _a796
_xŠport. Hry. Telesné cvičenia
_2konspekt
072 7 _a929
_xBiografie
_2konspekt
080 _a910.4:338.48-51
_22011
080 _a796.52
_22011
080 _a910.4
_22011
080 _a910.4:796.52
_22011
080 _a796.52:614.87
_22011
080 _a(0:82-312.6)
_22011
080 _a(0:82-94)
_22011
080 _a(0:82-96)
_22011
080 _a(235.243.1)
_22011
080 _a(092)
_22011
100 1 _aKrakauer, Jon,
_d1954-
_4aut
240 1 0 _aInto Thin Air
_lSlovensky
245 1 0 _aDo riedkeho vzduchu
_bosobná správa o nešťastí na Mount Evereste
_cJon Krakauer ; preklad Ján Dulla
264 _a[Bratislava]
_bCitadella
_c2019
300 _a376 strán
_bilustrácie
_c23 cm
336 _atext
_btxt
_2rdacontent
337 _abez média
_bn
_2rdamedia
338 _azväzok
_bnc
_2rdacarrier
650 0 7 _adobrodružné cesty
_2SNKPH
650 0 7 _ahorolezectvo
_2SNKPH
650 0 7 _ahorolezecké expedície
_2SNKPH
650 0 7 _ahorolezecké nešťastia
_2SNKPH
650 0 7 _aAdventure travel
_2SNKPHeng
650 0 7 _aMountaineering
_2SNKPHeng
650 0 7 _aMountaineering expeditions
_2SNKPHeng
650 0 7 _aMountaineering accidents
_2SNKPHeng
651 7 _aMount Everest (Himaláje, Čína a Nepál)
_2SNKPHgeo
651 7 _aMount Everest (Himaláje, China and Nepal : mountain)
_2SNKPHeng
655 7 _abiografické romány
_2SNKPH
655 7 _aliteratúra faktu
_2SNKPH
655 7 _aautobiografické spomienky
_2SNKPH
655 7 _aBiographical novels
_2SNKPHeng
655 7 _aNon fiction
_2SNKPHeng
655 7 _aAutobiographical reminiscences
_2SNKPHeng
700 1 _aDulla, Ján
_c(prekladateľ)
_4trl
942 _2ddc
_cOLDO
_n0
999 _c22648
_d22648